[Event "Rochade - CRELEL"]
[Site "Eupen"]
[Date "2011.01.09"]
[Round "6.7"]
[White "Huesmann, Thomas"]
[Black "Porteman, Eric"]
[Result "1-0"]
[WhiteElo "2280"]
[BlackElo "1954"]
[PlyCount "49"]
[EventDate "2011.??.??"]

1. e4 e6 2. d4 d5 3. Nc3 Bb4 4. a3 Bxc3+ 5. bxc3 Ne7 6. e5 c5 7. Nf3 Qc7 8. Bd3
Nbc6 9. O-O Bd7 10. Re1 cxd4 11. cxd4 Nf5 12. c4 Ncxd4 13. cxd5 Nxf3+ 14. Qxf3
O-O 15. Bd2 Rac8 16. Rab1 b6 17. Bb4 Rfe8 18. Qh3 Qd8 19. dxe6 fxe6 20. Rbd1
Qc7 21. Ba6 Rcd8 22. Rc1 Qb8 23. Bc4 Qb7 24. Qxf5 Rc8 25. Qg4 1-0

[Event "CRELEL - Rochade"]
[Site "Eupen"]
[Date "2011.01.09"]
[Round "6.8"]
[White "Arabia, Allan"]
[Black "Petzold, Klaus"]
[Result "0-1"]
[WhiteElo "1181"]
[BlackElo "2222"]
[PlyCount "56"]
[EventDate "2011.??.??"]

1. e4 c6 2. Nc3 d5 3. exd5 cxd5 4. d4 Nc6 5. Bb5 Nf6 6. Nf3 Bg4 7. Bg5 e6 8. a3
Be7 9. O-O Rc8 10. Qd3 Bf5 11. Bxc6+ Rxc6 12. Qb5 Qc8 13. Ne5 a6 14. Qa4 b5 15.
Nxb5 axb5 16. Qxb5 Nd7 17. Nxc6 Bxg5 18. c4 Bd3 19. Rfe1 Bxc4 20. Qa4 Nb6 21.
Na7+ Nxa4 22. Nxc8 Kd7 23. Rab1 Rxc8 24. b3 Bd3 25. bxa4 Bxb1 26. Rxb1 Rc1+ 27.
Rxc1 Bxc1 28. Kf1 Bb2 0-1

[Event "KGSRL - Ans"]
[Site "?"]
[Date "2011.01.09"]
[Round "6.1"]
[White "Sokolov, Ivan"]
[Black "Feller, Sebastien"]
[Result "1-0"]
[WhiteElo "2641"]
[BlackElo "2611"]
[PlyCount "55"]
[EventDate "2011.01.09"]
[SourceDate "2011.01.09"]

1. d4 Nf6 2. c4 g6 3. Nc3 d5 4. Bg5 Bg7 5. e3 c5 6. dxc5 Qa5 7. Bxf6 Bxf6 8.
Rc1 dxc4 9. Bxc4 O-O 10. Nf3 Qxc5 11. Qe2 e6 12. O-O Qe7 13. Ne4 Bg7 14. Rfd1
a6 15. Nd4 Bd7 16. b4 b6 17. Bb3 Ra7 18. b5 axb5 19. Nxb5 Ra5 20. Nbd6 Bc6 21.
Rc2 Rd8 22. Rcd2 Nd7 23. Qc4 Ne5 24. Qc2 Raa8 25. f4 Bxe4 26. Qxe4 Ng4 27. Nxf7
Kxf7 28. Rxd8 1-0

[Event "KGSRL - Ans"]
[Site "KGSRL"]
[Date "2011.01.09"]
[Round "6.3"]
[White "Van der Stricht, Geert"]
[Black "Winants, Luc"]
[Result "1/2-1/2"]
[WhiteElo "2440"]
[BlackElo "2515"]
[PlyCount "48"]
[EventDate "2011.??.??"]

1. d4 e6 2. c4 Bb4+ 3. Bd2 a5 4. Nf3 d6 5. g3 Nd7 6. Bg2 e5 7. O-O Ngf6 8. Nc3
c6 9. a3 Bxc3 10. Bxc3 e4 11. Ng5 d5 12. cxd5 cxd5 13. f3 exf3 14. exf3 O-O 15.
a4 Nb8 16. Nh3 Nc6 17. Nf4 Qd6 18. Nd3 Ne8 19. Qd2 Nc7 20. Ne5 Nb4 21. Rfd1
Nca6 22. Bf1 b6 23. Bb5 Be6 24. Re1 f6 1/2-1/2

[Event "Ans - KGSRL"]
[Site "KGSRL"]
[Date "2011.01.09"]
[Round "6.4"]
[White "Brunner, Lucas"]
[Black "Van Oosterom, Chiel"]
[Result "1/2-1/2"]
[WhiteElo "2485"]
[BlackElo "2413"]
[PlyCount "90"]
[EventDate "2011.??.??"]

1. d4 f5 2. g3 Nf6 3. Bg2 g6 4. c4 Bg7 5. Nc3 O-O 6. Nf3 d6 7. O-O Qe8 8. d5 a5
9. Ne1 Na6 10. Nd3 c6 11. Rb1 h6 12. b3 Nc7 13. Bb2 cxd5 14. Nxd5 Ncxd5 15.
cxd5 g5 16. f4 Qb5 17. fxg5 hxg5 18. Qd2 Bh6 19. h4 Qb6+ 20. Nf2 Ne4 21. Bxe4
fxe4 22. hxg5 e3 23. Qc3 exf2+ 24. Kh2 Kh7 25. Qd3+ Bf5 26. e4 Bd7 27. gxh6 Bb5
28. Qd2 Bxf1 29. Rxf1 Rf7 30. Kg2 Rg8 31. Bg7 Re8 32. Bd4 Qb5 33. Qc2 e5 34.
dxe6 Rxe6 35. Rxf2 Rxf2+ 36. Qxf2 Qe8 37. Qf5+ Qg6 38. Kf3 Qxf5+ 39. exf5 Rxh6
40. Bb6 Rh2 41. Bxa5 Rxa2 42. Bc7 Ra3 43. Bxd6 Rxb3+ 44. Ke4 Rb1 45. g4 Rg1
1/2-1/2

[Event "KGSRL - Ans"]
[Site "KGSRL"]
[Date "2011.01.09"]
[Round "6.7"]
[White "Deleyn, Gunter"]
[Black "Hautot S, Stephane"]
[Result "1/2-1/2"]
[WhiteElo "2321"]
[BlackElo "2453"]
[PlyCount "39"]
[EventDate "2011.??.??"]

1. c4 Nf6 2. e3 c6 3. Qc2 d5 4. d4 e6 5. Nc3 Be7 6. Nf3 O-O 7. Bd3 Nbd7 8. O-O
dxc4 9. Bxc4 b5 10. Be2 Bb7 11. Rd1 Rc8 12. Ng5 b4 13. Nce4 h6 14. Nxf6+ Nxf6
15. Ne4 Nxe4 16. Qxe4 Qd5 17. Bd3 f5 18. Qxd5 cxd5 19. Bd2 Ra8 20. Bf1 1/2-1/2

[Event "Ans - KGSRL"]
[Site "KGSRL"]
[Date "2011.01.09"]
[Round "6.8"]
[White "Gulbas, Cemil"]
[Black "Vanheirzeele, Daniel"]
[Result "1/2-1/2"]
[WhiteElo "2444"]
[BlackElo "2207"]
[PlyCount "36"]
[EventDate "2011.??.??"]

1. e4 c5 2. Nf3 d6 3. d4 cxd4 4. Nxd4 Nf6 5. Nc3 g6 6. g3 Nc6 7. Nde2 Bg7 8.
Bg2 O-O 9. O-O Rb8 10. a4 a6 11. h3 b5 12. axb5 axb5 13. Be3 b4 14. Nd5 Nd7 15.
Ra2 e6 16. Ndf4 Qc7 17. b3 Bb7 18. Nd3 Ra8 1/2-1/2

[Event "Eynatten2 - KBSK "]
[Site "?"]
[Date "2011.01.09"]
[Round "6.1"]
[White "Schulz, Klaus  Jurgen"]
[Black "Ringoir, Tanguy"]
[Result "0-1"]
[WhiteElo "2373"]
[BlackElo "2383"]
[PlyCount "58"]
[EventDate "2010.10.07"]
[SourceDate "2011.01.09"]

1. e4 c6 2. d4 d5 3. exd5 cxd5 4. c4 Nf6 5. Nc3 Nc6 6. Nf3 Bg4 7. Be2 e6 8. h3
Bxf3 9. Bxf3 dxc4 10. Qa4 Qd7 11. Be3 Nb4 12. Qxd7+ Kxd7 13. Ke2 Nbd5 14. Rhc1
Rc8 15. a4 Bd6 16. a5 h6 17. Ra4 a6 18. Na2 Rb8 19. Raxc4 b6 20. R1c2 bxa5 21.
Rc6 Rb6 22. Rxb6 Nxb6 23. Rc6 Bc7 24. Rc5 Nbd5 25. Rc2 Rb8 26. Nc1 Bd6 27. Nd3
Rb3 28. Bd2 a4 29. Bc1 Ke7 0-1

[Event "KBSK - Eynatten2"]
[Site "?"]
[Date "2011.01.09"]
[Round "6.2"]
[White "Geirnaert, Steven"]
[Black "Zelbel, Patrick"]
[Result "0-1"]
[WhiteElo "2356"]
[BlackElo "2365"]
[PlyCount "78"]
[EventDate "2010.10.07"]
[SourceDate "2011.01.09"]

1. d4 Nf6 2. c4 g6 3. Nc3 Bg7 4. e4 O-O 5. f3 Nc6 6. d5 Nb4 7. a3 Na6 8. Be3 d6
9. Nge2 c6 10. Nd4 Bd7 11. Be2 e6 12. dxe6 fxe6 13. Qd2 Qe7 14. Rd1 Rf7 15. Bg5
e5 16. Nc2 Bf8 17. O-O Nc5 18. b4 Ne6 19. Be3 b6 20. g3 c5 21. Bd3 Nd4 22. Bg5
Bg7 23. Nxd4 cxd4 24. Nd5 Qf8 25. f4 Bh3 26. Bxf6 Bxf6 27. Rf2 Bg7 28. f5 Bh6
29. Qe2 Kh8 30. Qf3 gxf5 31. exf5 Qg7 32. Nf4 Bxf4 33. Qxa8+ Rf8 34. f6 Qh6 35.
Qxa7 Be3 36. Qg7+ Qxg7 37. fxg7+ Kxg7 38. Rdd2 Bxd2 39. Rxd2 e4 0-1

[Event "Eynatten2 - KBSK "]
[Site "?"]
[Date "2011.01.09"]
[Round "6.3"]
[White "Litwak, Aleksej"]
[Black "Decoster, Frederic"]
[Result "1/2-1/2"]
[WhiteElo "2300"]
[BlackElo "2302"]
[PlyCount "70"]
[EventDate "2010.10.07"]
[SourceDate "2011.01.09"]

1. e4 c5 2. Nf3 d6 3. d4 cxd4 4. Nxd4 Nf6 5. Nc3 Nc6 6. Bg5 e6 7. Qd2 Be7 8.
O-O-O O-O 9. f4 h6 10. Bxf6 Bxf6 11. Nxc6 bxc6 12. Qxd6 Qb6 13. e5 Rd8 14. Qa3
Qe3+ 15. Kb1 Rxd1+ 16. Nxd1 Qxa3 17. bxa3 Rb8+ 18. Kc1 Be7 19. Bd3 Bxa3+ 20.
Kd2 Rb1 21. Nf2 Rxh1 22. Nxh1 f6 23. Nf2 fxe5 24. fxe5 Bc5 25. Ne4 Bd4 26. Nd6
Bd7 27. Nc4 c5 28. c3 Bg1 29. h4 Bc6 30. g4 Bf2 31. h5 Bf3 32. Be2 Bd5 33. a4
Kf8 34. a5 Bg3 35. a6 Bxc4 1/2-1/2

[Event "KBSK - Eynatten2"]
[Site "?"]
[Date "2011.01.09"]
[Round "6.4"]
[White "Donovan, Linton"]
[Black "Kaufeld, Juergen"]
[Result "1-0"]
[WhiteElo "2301"]
[BlackElo "2290"]
[PlyCount "77"]
[EventDate "2010.10.07"]
[SourceDate "2011.01.09"]

1. e4 c5 2. Nc3 a6 3. a4 Nc6 4. f4 e6 5. Nf3 d5 6. g3 Nf6 7. e5 d4 8. exf6 dxc3
9. fxg7 cxd2+ 10. Qxd2 Qxd2+ 11. Bxd2 Bxg7 12. O-O-O Bd7 13. Be3 b6 14. Bg2 Rc8
15. Rhe1 Ne7 16. a5 bxa5 17. Rd6 Bb5 18. Bf2 O-O 19. Ne5 Nf5 20. Rb6 Rfd8 21.
Bb7 Rb8 22. Bxc5 Nd4 23. Bxa6 Bxe5 24. Rxe5 Nf3 25. Re3 Bxa6 26. Rxa6 Nxh2 27.
Rxa5 Rd5 28. Re5 Rxe5 29. fxe5 Nf3 30. Bd6 Rc8 31. Ra4 Kg7 32. Rg4+ Kh6 33. c4
Kh5 34. Rf4 Ng1 35. Kd2 Rg8 36. Rh4+ Kg5 37. Ke3 Kf5 38. Kf2 f6 39. Rf4+ 1-0

[Event "Eynatten2 - KBSK "]
[Site "?"]
[Date "2011.01.09"]
[Round "6.5"]
[White "Philipowski, Robert"]
[Black "Piceu, Tom"]
[Result "1/2-1/2"]
[WhiteElo "2257"]
[BlackElo "2300"]
[PlyCount "58"]
[EventDate "2010.10.07"]
[SourceDate "2011.01.09"]

1. e4 c5 2. Nf3 d6 3. d4 cxd4 4. Qxd4 Nc6 5. Bb5 Bd7 6. Bxc6 Bxc6 7. Nc3 Nf6 8.
Bg5 e6 9. O-O-O Be7 10. Qd3 O-O 11. Nd4 Rc8 12. f4 a6 13. f5 Bd7 14. Nf3 exf5
15. exf5 Qa5 16. Nd4 Rxc3 17. Qxc3 Qxa2 18. Qa3 Qd5 19. Bxf6 Bxf6 20. Ne6 Qxg2
21. Nxf8 Bxf5 22. Kb1 h5 23. Ka2 Be7 24. Rhe1 Bxf8 25. Re8 Qxc2 26. Rxd6 Qb1+
27. Kb3 Qc2+ 28. Ka2 Qb1+ 29. Kb3 Qc2+ 1/2-1/2

[Event "KBSK - Eynatten2"]
[Site "?"]
[Date "2011.01.09"]
[Round "6.6"]
[White "Michiels, Rob"]
[Black "Maes, Valeer"]
[Result "1/2-1/2"]
[WhiteElo "2238"]
[BlackElo "2172"]
[PlyCount "45"]
[EventDate "2010.12.05"]

1. e4 e6 2. d4 d5 3. Nd2 c5 4. dxc5 Bxc5 5. Nb3 Bb6 6. exd5 exd5 7. Nf3 Nc6 8.
Bg5 Nge7 9. Bd3 O-O 10. c3 h6 11. Bh4 Qd6 12. O-O Nf5 13. Bxf5 Bxf5 14. Nfd4
Nxd4 15. Nxd4 Bd7 16. Qd2 Rfe8 17. Bg3 Qf6 18. Nf3 Bc6 19. Rfe1 Re4 20. Be5 Qe7
21. a4 a5 22. b3 Re8 23. Bf4 1/2-1/2

[Event "Eynatten2 - KBSK"]
[Site "?"]
[Date "2011.01.09"]
[Round "6.7"]
[White "Vanstreels, Luk"]
[Black "Bertrem, Stijn"]
[Result "0-1"]
[WhiteElo "2158"]
[BlackElo "2230"]
[PlyCount "80"]
[EventDate "2010.12.05"]

1. d4 Nf6 2. Bg5 c5 3. Bxf6 gxf6 4. d5 Bg7 5. c4 d6 6. Nc3 Na6 7. e4 Bd7 8.
Nge2 f5 9. exf5 Bxf5 10. Ng3 Bg6 11. f4 e6 12. Be2 h5 13. dxe6 fxe6 14. f5 exf5
15. O-O Qd7 16. Bd3 O-O-O 17. Nxf5 Nb4 18. Be4 Be5 19. a3 Nc6 20. Nb5 Kb8 21.
Nfxd6 Qh7 22. Bxc6 bxc6 23. Qb3 Bc2 24. Qe3 Bxd6 25. Nxd6 Rxd6 26. Qe5 Rhd8 27.
Rf8 Kb7 28. Raf1 Rxf8 29. Rxf8 Qd7 30. Qxc5 Rd1+ 31. Kf2 Qd2+ 32. Kg3 Qe1+ 33.
Kh3 Qe6+ 34. Kg3 Qg4+ 35. Kf2 Rd2+ 36. Ke3 Qe2+ 37. Kf4 Qe4+ 38. Kg5 Rxg2+ 39.
Kf6 Rg6+ 40. Kf7 Qe6# 0-1

[Event "KBSK - Eynatten2"]
[Site "?"]
[Date "2011.01.09"]
[Round "6.8"]
[White "Verduyn, Frederic"]
[Black "Schumacher, Helmut"]
[Result "1/2-1/2"]
[WhiteElo "2202"]
[BlackElo "2103"]
[PlyCount "56"]
[EventDate "2010.12.05"]

1. Nf3 d5 2. d4 c6 3. c4 e6 4. e3 Nf6 5. b3 Nbd7 6. Bd3 Bd6 7. Bb2 O-O 8. Nbd2
Re8 9. Ne5 Nf8 10. O-O Qe7 11. f4 c5 12. dxc5 Bxc5 13. Qf3 Bd7 14. g4 Bc6 15.
Nxc6 bxc6 16. Rae1 N6d7 17. Kh1 Ba3 18. Ba1 Nc5 19. Bc2 Bb4 20. Re2 Rad8 21.
Qg2 Rd7 22. Nf3 f6 23. g5 f5 24. Ne5 Rc7 25. Bb2 Ne4 26. Bxe4 dxe4 27. Rd1 Rd8
28. Qf1 Ng6 1/2-1/2

[Event "CREC - Amay"]
[Site "?"]
[Date "2011.01.09"]
[Round "6.1"]
[White "Gharamian, Tigran"]
[Black "Prié, Eric"]
[Result "1-0"]
[WhiteElo "2650"]
[BlackElo "2529"]
[PlyCount "57"]
[EventDate "2011.01.10"]
[SourceDate "2011.01.10"]

1. e4 d5 2. exd5 Qxd5 3. Nc3 Qa5 4. d4 Nf6 5. Bd2 Bg4 6. f3 Bd7 7. Bc4 Qb6 8.
Nge2 e6 9. O-O Be7 10. Kh1 O-O 11. a4 a5 12. Ne4 Nc6 13. c3 Rfd8 14. Qc2 Be8
15. N2g3 Nd5 16. Rae1 g6 17. Nf2 Kg7 18. Qc1 Na7 19. b3 Nc8 20. Re2 c6 21. Bg5
Qc7 22. Ng4 Kh8 23. Bxd5 cxd5 24. Bf6+ Bxf6 25. Nxf6 Kg7 26. Qg5 h6 27. Ngh5+
Kf8 28. Nh7+ Kg8 29. Qxh6 1-0

[Event "Amay - CREC"]
[Site "?"]
[Date "2011.01.09"]
[Round "6.2"]
[White "Belkhodja, Slim"]
[Black "Eliet, Nicolas"]
[Result "0-1"]
[WhiteElo "2451"]
[BlackElo "2410"]
[PlyCount "60"]
[EventDate "2011.??.??"]

1. e4 c6 2. d4 d5 3. exd5 cxd5 4. c4 Nf6 5. Nc3 e6 6. Nf3 Be7 7. cxd5 Nxd5 8.
Bd3 Nc6 9. O-O O-O 10. Re1 Nf6 11. Be3 b6 12. a3 Bb7 13. Qe2 Qd6 14. Rad1 Rad8
15. Bg5 Qb8 16. Bh4 Rfe8 17. Bb5 Qa8 18. Ba4 a6 19. b4 a5 20. Bb5 axb4 21. axb4
Nd5 22. Nxd5 Rxd5 23. Bxe7 Rxe7 24. Ra1 Qd8 25. Bxc6 Bxc6 26. Rec1 Bb7 27. b5
f6 28. h3 Rf5 29. Ne1 Qd5 30. Rab1 Rf4 0-1

[Event "CREC - Amay"]
[Site "?"]
[Date "2011.01.09"]
[Round "6.3"]
[White "Saiboulatov, Daniyal"]
[Black "Kleijn, Christov"]
[Result "1/2-1/2"]
[WhiteElo "2399"]
[BlackElo "2424"]
[PlyCount "49"]
[EventDate "2011.??.??"]

1. e4 c5 2. Nf3 d6 3. d4 cxd4 4. Nxd4 Nf6 5. Nc3 a6 6. h3 e5 7. Nde2 h5 8. Bg5
Be6 9. h4 Nbd7 10. Qd2 Be7 11. Ng3 Qa5 12. Be2 Rc8 13. O-O g6 14. Rfd1 Qc7 15.
Nf1 O-O 16. Ne3 Nb6 17. g3 Rfd8 18. Rac1 Ne8 19. Bxe7 Qxe7 20. a4 Nf6 21. a5
Na8 22. Ned5 Bxd5 23. Nxd5 Nxd5 24. Qxd5 Rc5 25. Qd2 1/2-1/2

[Event "CREC - Amay"]
[Site "?"]
[Date "2011.01.09"]
[Round "6.5"]
[White "Akhayan, Ruben"]
[Black "Schut, Lisa"]
[Result "0-1"]
[WhiteElo "2305"]
[BlackElo "2286"]
[PlyCount "74"]
[EventDate "2011.??.??"]

1. Nf3 Nf6 2. g3 d5 3. Bg2 g6 4. O-O Bg7 5. d4 O-O 6. c4 c6 7. Qb3 dxc4 8. Qxc4
Nbd7 9. Nc3 Nb6 10. Qd3 Be6 11. Rd1 Nfd5 12. Ng5 Bf5 13. e4 Nb4 14. Qe2 Bd7 15.
a3 Na6 16. Be3 h6 17. Nf3 Be6 18. d5 cxd5 19. Nd4 Bd7 20. exd5 Nc8 21. Ne6 fxe6
22. dxe6 Nd6 23. exd7 Qxd7 24. Bd5+ Kh7 25. Ne4 Rf5 26. Nxd6 exd6 27. Be4 Rf6
28. h4 Re8 29. Bd3 Nc5 30. Bb5 Rxe3 31. fxe3 Qh3 32. Qg2 Qe6 33. e4 Nxe4 34.
Re1 d5 35. Bf1 Qb6+ 36. Kh1 Rf2 37. Qh3 Rxb2 0-1

[Event "Amay - CREC"]
[Site "?"]
[Date "2011.01.09"]
[Round "6.6"]
[White "Memeti, Kastriot"]
[Black "Bauduin, Etienne"]
[Result "1-0"]
[WhiteElo "2194"]
[BlackElo "2274"]
[PlyCount "65"]
[EventDate "2011.??.??"]

1. d4 e6 2. Nf3 f5 3. Bf4 Nf6 4. e3 g6 5. h3 Bg7 6. Bd3 d6 7. Nc3 O-O 8. g4 Qe7
9. Qe2 a6 10. Bg5 Qe8 11. O-O-O b5 12. gxf5 exf5 13. Bxf6 Bxf6 14. Nd5 Bd8 15.
h4 c5 16. dxc5 dxc5 17. c4 Bb7 18. h5 Bxd5 19. cxd5 Ra7 20. Rdg1 Rg7 21. Ng5
Bxg5 22. Rxg5 Nd7 23. hxg6 hxg6 24. e4 c4 25. Bc2 Nf6 26. f3 Nxd5 27. Qd2 Ne7
28. exf5 Nxf5 29. Bxf5 Rxf5 30. Rxf5 gxf5 31. Qd5+ Qf7 32. Qd8+ Qf8 33. Rh8+
1-0

[Event "CREC - Amay"]
[Site "?"]
[Date "2011.01.09"]
[Round "6.7"]
[White "Sclacmender, Julien"]
[Black "Noiroux, Kevin"]
[Result "1/2-1/2"]
[WhiteElo "2228"]
[BlackElo "2190"]
[PlyCount "84"]
[EventDate "2011.??.??"]

1. e4 d5 2. exd5 Qxd5 3. Nc3 Qa5 4. Bc4 Nf6 5. d3 Bg4 6. f3 Bd7 7. Bd2 Qb6 8.
f4 Be6 9. Qf3 Bxc4 10. dxc4 Qe6+ 11. Nge2 Nc6 12. O-O-O O-O-O 13. b3 Qf5 14.
Be3 Rxd1+ 15. Rxd1 e6 16. h3 h5 17. Kb1 h4 18. Qf2 a6 19. Nd4 Nxd4 20. Bxd4 Nd7
21. Qd2 Nb8 22. Be5 Be7 23. Bxg7 Rd8 24. Qe2 Rxd1+ 25. Nxd1 Qxf4 26. Be5 Qf5
27. Nf2 Nc6 28. Bc3 e5 29. Ng4 f6 30. Ne3 Qe4 31. Qg4+ Qxg4 32. hxg4 Bc5 33.
Nd5 Be7 34. Be1 f5 35. gxf5 Bg5 36. f6 Nd8 37. Ne7+ Kd7 38. Ng6 Ke6 39. Nxh4
Bxf6 40. g4 Nf7 41. Nf5 Ng5 42. Kc1 e4 1/2-1/2

[Event "Amay - CREC"]
[Site "?"]
[Date "2011.01.09"]
[Round "6.8"]
[White "Munster, Pierre"]
[Black "Dal Borgo, Albin"]
[Result "1/2-1/2"]
[WhiteElo "2205"]
[BlackElo "2100"]
[PlyCount "32"]
[EventDate "2011.??.??"]

1. Nf3 Nf6 2. g3 d5 3. Bg2 e6 4. O-O c5 5. d3 Nc6 6. Nbd2 Be7 7. e4 b6 8. Re1
Bb7 9. c3 Qc7 10. a3 h6 11. b4 dxe4 12. dxe4 O-O 13. Qe2 cxb4 14. cxb4 a5 15.
b5 Na7 16. Bb2 Rac8 1/2-1/2

[Event "Eynatten1 - Namur"]
[Site "?"]
[Date "2011.01.09"]
[Round "6.1"]
[White "Levin, Felix"]
[Black "Hetey, Lazlo"]
[Result "1/2-1/2"]
[WhiteElo "2512"]
[BlackElo "2354"]
[PlyCount "60"]
[EventDate "2010.10.07"]
[SourceDate "2010.10.07"]

1. d4 Nf6 2. c4 e6 3. Nf3 b6 4. g3 Ba6 5. Qa4 c5 6. dxc5 bxc5 7. Bg2 Bb7 8. O-O
Be7 9. Nc3 O-O 10. Rd1 Qb6 11. Bf4 Rd8 12. Rd2 Na6 13. Rad1 d6 14. Qb5 Ne8 15.
Ng5 Bxg2 16. Kxg2 Nac7 17. Qxb6 axb6 18. Nge4 d5 19. cxd5 exd5 20. Nxd5 Nxd5
21. Rxd5 Rxd5 22. Rxd5 Rxa2 23. Rd7 Kf8 24. Rb7 Rxb2 25. Rb8 Rxe2 26. Kf3 Re1
27. Rxb6 f5 28. Nd2 Nf6 29. Nc4 Nd5 30. Rc6 Nxf4 1/2-1/2

[Event "Namur - Eynatten1"]
[Site "?"]
[Date "2011.01.09"]
[Round "6.2"]
[White "Geenen, Marc"]
[Black "Zaitsev, Mikhail"]
[Result "0-1"]
[WhiteElo "2316"]
[BlackElo "2507"]
[PlyCount "76"]
[EventDate "2010.10.07"]
[SourceDate "2010.10.07"]

1. e4 e5 2. Nf3 d6 3. d4 exd4 4. Nxd4 Nf6 5. Nc3 Be7 6. Bf4 O-O 7. Qd2 c6 8.
Be2 Re8 9. O-O-O Bf8 10. Bf3 Qb6 11. Rhg1 Na6 12. g4 Nc5 13. Rde1 Nfd7 14. Nf5
Ne5 15. Be2 Qc7 16. Rd1 Re6 17. Nd4 Re7 18. Nf5 Rd7 19. Ne3 b5 20. f3 a5 21. g5
b4 22. Nb1 Ba6 23. Bxa6 Rxa6 24. Qe2 Ra8 25. Nc4 a4 26. Be3 Nxc4 27. Qxc4 d5
28. exd5 cxd5 29. Rxd5 Rxd5 30. Qxd5 Re8 31. Bxc5 Bxc5 32. Rd1 Be3+ 33. Nd2 Rd8
34. Qe4 Qc5 35. a3 Bxd2+ 36. Kb1 bxa3 37. Qxa4 axb2 38. Qb3 g6 0-1

[Event "Eynatten1 - Namur"]
[Site "?"]
[Date "2011.01.09"]
[Round "6.3"]
[White "Bok, Benjamin"]
[Black "Laurent, Julien"]
[Result "1-0"]
[WhiteElo "2469"]
[BlackElo "2291"]
[PlyCount "85"]
[EventDate "2010.10.07"]
[SourceDate "2010.10.07"]

1. e4 c5 2. Nf3 d6 3. d4 cxd4 4. Nxd4 Nf6 5. Nc3 g6 6. Be3 Bg7 7. f3 Nc6 8. Qd2
Bd7 9. O-O-O h5 10. Bc4 Na5 11. Bb3 Rc8 12. Kb1 a6 13. h3 h4 14. Rhe1 Nc4 15.
Bxc4 Rxc4 16. Nb3 Qc7 17. Bd4 Be6 18. Qf2 O-O 19. Qxh4 b5 20. Qf2 b4 21. Nd5
Nxd5 22. exd5 Bf5 23. Re2 Rc8 24. Rdd2 e5 25. dxe6 Bxe6 26. Bxg7 Kxg7 27. Nd4
Bd7 28. Re7 Kf8 29. Re1 Re8 30. Rxe8+ Bxe8 31. Qh4 Kg7 32. Qf4 Qc5 33. b3 Rc3
34. Re2 Bb5 35. Nxb5 axb5 36. Rd2 Qe5 37. Qxe5+ dxe5 38. Re2 Rc5 39. Re4 f5 40.
Rxb4 Rd5 41. Kc1 Kf6 42. c4 bxc4 43. Rxc4 1-0

[Event "Eynatten1 - Namur"]
[Site "?"]
[Date "2011.01.09"]
[Round "6.5"]
[White "Drabke, Lorenz-Maximilian"]
[Black "Denayer, Eric"]
[Result "1-0"]
[WhiteElo "2435"]
[BlackElo "2245"]
[PlyCount "105"]
[EventDate "2011.??.??"]

1. e4 c6 2. d4 g6 3. Nc3 d5 4. h3 Bg7 5. Nf3 Nf6 6. Bd3 dxe4 7. Nxe4 Nxe4 8.
Bxe4 O-O 9. O-O Nd7 10. Bg5 Qc7 11. Re1 e5 12. dxe5 Nxe5 13. Bf4 Nxf3+ 14. Qxf3
Qb6 15. Bd6 Rd8 16. Be7 Re8 17. Bf6 Bxf6 18. Qxf6 Be6 19. h4 Qd8 20. Qf4 Qa5
21. a3 Rad8 22. b4 Qh5 23. Re3 Rd1+ 24. Rxd1 Qxd1+ 25. Kh2 Rd8 26. Bd3 Qg4 27.
Qxg4 Bxg4 28. Re7 Rd7 29. Re8+ Kg7 30. Kg3 Be6 31. Rb8 Kf6 32. Kf4 b6 33. Be4
Rc7 34. g4 h6 35. Rh8 Bd5 36. Rxh6 Kg7 37. g5 Bxe4 38. Kxe4 c5 39. b5 Re7+ 40.
Kd5 Re2 41. h5 gxh5 42. f4 Rxc2 43. Rxh5 Rc3 44. Rh6 Rxa3 45. f5 Rg3 46. f6+
Kg8 47. Rh5 Rd3+ 48. Ke5 c4 49. Rh4 Rb3 50. Rxc4 Rxb5+ 51. Kd6 Rc5 52. Rxc5
bxc5 53. Ke7 1-0

[Event "Namur - Eynatten1 "]
[Site "?"]
[Date "2011.01.09"]
[Round "6.5"]
[White "Werner, Ivan"]
[Black "Alienkin, Aleksander"]
[Result "0-1"]
[WhiteElo "2098"]
[BlackElo "2412"]
[PlyCount "80"]
[EventDate "2011.??.??"]

1. e4 e6 2. d4 d5 3. Nc3 Nf6 4. Bg5 dxe4 5. Nxe4 Nbd7 6. Bd3 Be7 7. Nxf6+ Bxf6
8. Bxf6 Qxf6 9. Nf3 c5 10. O-O cxd4 11. Re1 Nc5 12. Bb5+ Bd7 13. Bxd7+ Nxd7 14.
Qxd4 Qxd4 15. Nxd4 O-O-O 16. Kf1 Nc5 17. Red1 a6 18. b3 Kc7 19. Ne2 b5 20. Ke1
Ne4 21. Rd4 Rxd4 22. Nxd4 Kb6 23. Ne2 Rc8 24. Rc1 Rc5 25. f3 Nf6 26. c3 Nd5 27.
Kd2 Rc8 28. a3 Rd8 29. Ke1 Ne3 30. Kf2 Nd1+ 31. Ke1 Ne3 32. Kf2 Nf5 33. c4 Rd2
34. c5+ Kc7 35. Rc3 Nd4 36. Re3 Ra2 37. a4 bxa4 38. bxa4 Kc6 39. Kf1 Nxe2 40.
Rxe2 Rxe2 0-1

[Event "Eynatten1 - Namur"]
[Site "?"]
[Date "2011.01.09"]
[Round "6.7"]
[White "Hammes, Michael"]
[Black "Fontaine, Quentin"]
[Result "1-0"]
[WhiteElo "2393"]
[BlackElo "1558"]
[PlyCount "83"]
[EventDate "2011.??.??"]

1. d4 Nf6 2. c4 c6 3. Nf3 d5 4. Nc3 e6 5. Bg5 h6 6. Bxf6 Qxf6 7. e3 Bd6 8. Be2
O-O 9. O-O Nd7 10. e4 dxe4 11. Nxe4 Qe7 12. Nxd6 Qxd6 13. c5 Qc7 14. Re1 Nf6
15. Qc2 Rd8 16. Rad1 b5 17. Ne5 Bb7 18. Bf3 Rac8 19. h4 Qe7 20. g3 Nd5 21. Bh5
Rf8 22. a3 Nf6 23. Bf3 Rfd8 24. b4 a6 25. Bg2 g6 26. Rd3 Kg7 27. Rde3 Rc7 28.
Qd2 Nd7 29. Ng4 Rh8 30. Qb2 Kh7 31. Nxh6 Kxh6 32. d5 Qf6 33. Qd2 Kh7 34. dxc6
Bxc6 35. Bxc6 Nxc5 36. Qd6 Rhc8 37. Bg2 Nd7 38. Qxa6 Ne5 39. Rxe5 Rc2 40. Qa7
R8c7 41. Qb6 R7c6 42. Bxc6 1-0

[Event "Namur - Eynatten1 "]
[Site "?"]
[Date "2011.01.09"]
[Round "6.8"]
[White "Scaillet, Timothe"]
[Black "Becker, Marcel"]
[Result "0-1"]
[WhiteElo "1485"]
[BlackElo "2387"]
[PlyCount "56"]
[EventDate "2011.??.??"]

1. Nf3 d5 2. g3 Bg4 3. Bg2 Nd7 4. d3 c6 5. Nbd2 e6 6. O-O Bd6 7. Re1 Ne7 8. e4
O-O 9. exd5 exd5 10. d4 Ng6 11. c3 Qc7 12. Nf1 Nf6 13. Qc2 Rae8 14. Bg5 Ne4 15.
N1d2 h6 16. Be3 f5 17. c4 f4 18. Nxe4 dxe4 19. Nd2 fxe3 20. Rxe3 Qd7 21. Bxe4
Ne7 22. Rae1 Bb4 23. a3 Bxd2 24. Qxd2 Nf5 25. Bxf5 Bxf5 26. Qb4 Rxe3 27. Rxe3
Qxd4 28. Qxb7 Qxe3 0-1

[Event "Borgerhout - Fontaine"]
[Site "?"]
[Date "2011.01.09"]
[Round "6.1"]
[White "Wemmers, Xander"]
[Black "Cekro, Ekrem"]
[Result "1-0"]
[WhiteElo "2426"]
[BlackElo "2400"]
[PlyCount "67"]
[EventDate "2011.01.10"]
[SourceDate "2011.01.10"]

1. d4 Nf6 2. c4 e6 3. g3 d5 4. Nf3 c6 5. Bg2 Bb4+ 6. Bd2 Be7 7. b3 Ne4 8. O-O
Nd7 9. Nc3 f5 10. Nxe4 fxe4 11. Ne1 Bf6 12. Bc3 O-O 13. f3 exf3 14. Bxf3 dxc4
15. bxc4 Nb6 16. Ng2 Nxc4 17. Qd3 Nd6 18. Rad1 Rf7 19. Nf4 g6 20. a4 Bd7 21.
Bg4 Nf5 22. e4 Ng7 23. Qc4 Qe8 24. Nd3 Rd8 25. Rf3 b5 26. Qa2 Bc8 27. Qf2 b4
28. Nxb4 Nf5 29. exf5 exf5 30. Re3 Re7 31. Rxe7 Bxe7 32. Bf3 Rd6 33. Re1 Be6
34. d5 1-0

[Event "Fontaine - Borgerhout"]
[Site "?"]
[Date "2011.01.09"]
[Round "6.2"]
[White "Wantiez, Fabrice"]
[Black "Docx, Stefan"]
[Result "1/2-1/2"]
[WhiteElo "2388"]
[BlackElo "2375"]
[PlyCount "129"]
[EventDate "2011.01.10"]
[SourceDate "2011.01.10"]

1. e4 c5 2. Nf3 d6 3. d4 cxd4 4. Nxd4 Nf6 5. Nc3 a6 6. h3 e6 7. g4 Be7 8. Bg2
Nfd7 9. Be3 Nc6 10. Qe2 g5 11. O-O-O Nde5 12. h4 Ng6 13. Nxc6 bxc6 14. e5 d5
15. hxg5 Rb8 16. a3 Qa5 17. Nb1 Qa4 18. Rd4 Qb5 19. Qxb5 axb5 20. f4 Bc5 21. c3
b4 22. Bf1 bxa3 23. Nxa3 Bxd4 24. cxd4 Rb3 25. Rh3 Bd7 26. Kc2 Rb6 27. Bd3 O-O
28. f5 exf5 29. gxf5 Rfb8 30. e6 Rxb2+ 31. Kd1 Bxe6 32. fxe6 fxe6 33. Nc2 Rf8
34. Bxg6 hxg6 35. Rh4 Rf3 36. Bf4 Rf1+ 37. Ke2 Rxf4 38. Rxf4 Rxc2+ 39. Kd3 Rc1
40. Rf6 Re1 41. Rxg6+ Kf7 42. Rh6 Ke7 43. Rh7+ Kd6 44. Rg7 c5 45. dxc5+ Kxc5
46. g6 e5 47. Rg8 e4+ 48. Kd2 Rg1 49. Ke3 Rg3+ 50. Kf4 Rg1 51. Ke3 Rg3+ 52. Kf4
Rg2 53. Ke3 Kd6 54. g7 Ke7 55. Kf4 Rg1 56. Ke3 Rg4 57. Kd4 Rg5 58. Rf8 Rxg7 59.
Rf5 Rg6 60. Rxd5 Re6 61. Ke3 Kf6 62. Rh5 Kg6 63. Rh4 Kf5 64. Rf4+ Kg5 65. Rxe4
1/2-1/2